A beginner's guide to structural equation modeling /

Guardado en:
Autor Principal: Schumacker, Randall E.
Otros Autores: Lomax, Richard G.
Formato: Libro
Idioma:English
Publicado: Mahwah, N.J. : Lawrence Erlbaum Associates, 1996.
Etiquetas: Agregar Etiqueta
Sin Etiquetas, Sea el primero en etiquetar este registro!
LEADER 00648nam a22001815a 4500
001 MAT.inmabb000126
008 960313s1996####njua#####b####001#0#eng##
005 20130326120128.0
245 1 2 |a A beginner's guide to structural equation modeling /  |c Randall E. Schumacker, Richard G. Lomax. 
260 |a Mahwah, N.J. :  |b Lawrence Erlbaum Associates,  |c 1996. 
300 |a xvi, 288 p. ;  |c 23 cm. 
504 |a Includes bibliographical references and indexes. 
020 |a 0805817670 
020 |a 0805817662 
100 1 |a Schumacker, Randall E. 
700 1 |a Lomax, Richard G. 
084 |a 62H05 (62H20 62H25 62J05)  |2 msc2000 
859 |h 62  |i Sc392  |p A-7827  |b BIB. MATEMATICA